000 nam a22 7a 4500
999 _c8137
_d8137
008 171129b xxu||||| |||| 00| 0 eng d
100 _aZelonky.J.
_94575
245 _aI cant Always hear you
260 _bChariot
_c1986